000
00300nam a2200133Ia 4500
008
240624s9999 xx 000 0 und d
041
_a
eng
082
_a
823 PRI
100
_a
MOOKERJEE PRIYANKA
245
_a
HEDON
260
_c
2016
_a
New Delhi
_b
Penguin
300
_a
312 : p.
365
_c
RS
_b
28.5
999
_c
27873
_d
27873